000
00272nam a2200109Ia 4500
008
201216s9999 xx 000 0 und d
100
_a
Brown, Richard Maxwell (ed.)
245
0
_a
American Violence
260
_a
Englewood Cliffs
_b
Prentice Hall
300
_a
176
942
_c
BK
999
_c
6585
_d
6585